1831 1775 1730 1402 1271 1987 1330 1926 1737 1069 1655 1332 1187 1453 1136 1675 1923 1283 1908 1753 1179 1085 1574 1862 1386 1463 1448 1886 1442 1529 1573 1546 1653 1148 1514 1741 1641 1203 1838 1524 1998 1264 1783 1080 1488 1804 1813 1556 1179 1026 1606 1386 1593 1461 1655 1655 1973 1097 1068 1980 1786 1617 1132 1063 1878 1004 1857 1730 1981 1881 1176 1287 1454 1904 1562 1077 1666 1947 1867 1110 1099 1228 1505 1407 1149 1120 1824 1474 1793 1800 1261 1702 1572 1727 1658 1183 1952 1715 1369 BCNSPRNW ULIB Ver.6.0+V

เปลี่ยนเป็นภาษาไทย

Change to English
 แสดงรายละเอียดบรรณานุกรม
  กลับหน้าหลัก

Brief Record : Get Marc (ISO 2709) : E-mail record : QR code < ปิดหน้าต่าง
LEADER : 00000nam 2200000uu 4500
001    13399121435
003     ULIB
008    121119s2551||||th 000 0 tha d
020    ^a9789740497738
090    ^aนว.^bอ675พ
100 0  ^aอาริตา
245 00 ^aพ่อม่ายชายโสด/^cอาริตา
250    ^aพิมพ์ครั้งที่ 1
260    ^aกรุ492 หน้า
710 1  ^aบิวตี้บุ๊ค
945    ^p0^l0^i15011
995    ^aทศพร
999    ^aทศพร เกษรทอง
รายการนี้ยังไม่มีแท็ก
คุณยังไม่ได้ล็อกอิน คุณสามารถมีกิจกรรมร่วมกับเว็บไซต์ได้ แต่ต้องล็อกอินก่อน ::
  ล็อกอิน

รายการสื่อสารสนเทศ

ลำดับที่ ประเภท เลขเรียก/บาร์โค้ด สถานที่ สถานะ
1. นวนิยาย
นวนิยาย
นว. อ675พ ฉ.1 
  Barcode: 15011
ห้องสมุดวิทยาเขตสวรรค์ประชารักษ์
►นวนิยาย
บนชั้น
  ขอยืม

รายการใกล้เคียง
    ผู้แต่ง [อาริตา]

BibComment


ยังไม่เคยถูกคอมเมนท์

คอมเมนท์ทรัพยากรรายการนี้
  คอมเมนท์: พ่อม่ายชายโสด อา..


 Copyright 2026. Bcnsprnw @Library